000 00654nam a22002057a 4500
005 20141121144327.0
010 _aENG-111296
020 _a9789380261928
_c695.00
035 _aEN-94828
037 _bDBAD/PUB
082 _a378.541
245 _aQuality assurance in higher education :
_cedited by Nayan Kalita [and] Jadab Ch. Goswami
_brole of stakeholders /
260 _aGuwahati
_bEBH Publishers
_c2013
270 _a136, M.L. Nehru Road, Panbazar
_bGuwahati
_e781001
300 _axvi,176p.
_c23cm(Hb)
500 _aIncludes index
700 _aKalita, Nayan
700 _aGoswami, Jadab Ch.
942 _2ddc
_cEN
_mQUA
_h378.541
999 _c90166
_d90166